Intellectual Property Rights and Innovation / (Record no. 613280)

000 -LEADER
fixed length control field 00440nam a22001457a 4500
020 ## - INTERNATIONAL STANDARD BOOK NUMBER
International Standard Book Number 9789692351508
082 ## - DEWEY DECIMAL CLASSIFICATION NUMBER
Classification number 346.048
Author Mark QUR
100 ## - MAIN ENTRY--PERSONAL NAME
Personal name Qureshi, Ijaz A.
245 ## - TITLE STATEMENT
Title Intellectual Property Rights and Innovation /
Statement of responsibility, etc. Ijaz A. Qureshi and Shazia Qureshi
260 ## - PUBLICATION, DISTRIBUTION, ETC.
Place of publication, distribution, etc. Lahore :
Name of publisher, distributor, etc. University of Lahore Press,
Date of publication, distribution, etc. N.A.
300 ## - PHYSICAL DESCRIPTION
Extent 220 p.
563 ## - BINDING INFORMATION
Binding note PB.
650 ## - SUBJECT ADDED ENTRY--TOPICAL TERM
Topical term or geographic name entry element Law, Intellectual Property Rights
942 ## - ADDED ENTRY ELEMENTS (KOHA)
Source of classification or shelving scheme
Koha item type Book
650 ## - SUBJECT ADDED ENTRY--TOPICAL TERM
-- 128240
Holdings
Withdrawn status Lost status Source of classification or shelving scheme Damaged status Not for loan Permanent Location Current Location Date acquired Total Checkouts Full call number Barcode Checked out Date last seen Date last checked out Price effective from Koha item type
          NUST Law School (NLS) NUST Law School (NLS) 03/12/2025 1 346.048 QUR NLS-1162 06/28/2025 05/29/2025 05/29/2025 03/12/2025 Book
          NUST Law School (NLS) NUST Law School (NLS) 03/12/2025   346.048 QUR NLS-1163   03/12/2025   03/12/2025 Book
          NUST Law School (NLS) NUST Law School (NLS) 03/12/2025 1 346.048 QUR NLS-1164 06/28/2025 05/29/2025 05/29/2025 03/12/2025 Book
          NUST Law School (NLS) NUST Law School (NLS) 03/12/2025   346.048 QUR NLS-1165   03/12/2025   03/12/2025 Book
          NUST Law School (NLS) NUST Law School (NLS) 05/12/2025   346.048 QUR NLSD-40   05/12/2025   05/12/2025 Book
          NUST Law School (NLS) NUST Law School (NLS) 06/27/2025   346.048 QUR NLS-2372   06/27/2025   06/27/2025 Book
          NUST Law School (NLS) NUST Law School (NLS) 06/27/2025 1 346.048 QUR NLS-2373   11/11/2025 09/08/2025 06/27/2025 Book
          NUST Law School (NLS) NUST Law School (NLS) 06/27/2025 1 346.048 QUR NLS-2374   01/20/2026 09/08/2025 06/27/2025 Book
          NUST Law School (NLS) NUST Law School (NLS) 06/27/2025   346.048 QUR NLS-2375   06/27/2025   06/27/2025 Book
© 2023 Central Library, National University of Sciences and Technology. All Rights Reserved.